| 000 -LEADER |
| fixed length control field |
01369nam a22003617a 4500 |
| 001 - CONTROL NUMBER |
| control field |
3558816 |
| 003 - CONTROL NUMBER IDENTIFIER |
| control field |
OSt |
| 005 - DATE AND TIME OF LATEST TRANSACTION |
| control field |
20210427075629.0 |
| 008 - FIXED-LENGTH DATA ELEMENTS--GENERAL INFORMATION |
| fixed length control field |
980206s1998 dcua 000 0 eng |
| 010 ## - LIBRARY OF CONGRESS CONTROL NUMBER |
| LC control number |
98004636 |
| 020 ## - INTERNATIONAL STANDARD BOOK NUMBER |
| International Standard Book Number |
0792273710 |
| 035 ## - SYSTEM CONTROL NUMBER |
| System control number |
(DLC) 98004636 |
| 040 ## - CATALOGING SOURCE |
| Original cataloging agency |
DLC |
| Transcribing agency |
DLC |
| Modifying agency |
DLC |
| Language of cataloging |
eng |
| 041 ## - LANGUAGE CODE |
| Language code of text/sound track or separate title |
eng |
| 050 00 - LIBRARY OF CONGRESS CALL NUMBER |
| Classification number |
G3.N37 |
| Item number |
I57 1998 |
| 080 ## - UNIVERSAL DECIMAL CLASSIFICATION NUMBER |
| Universal Decimal Classification number |
001 |
| Item number |
I-67 |
| 082 00 - DEWEY DECIMAL CLASSIFICATION NUMBER |
| Classification number |
686.2/252 |
| Edition number |
21 |
| 110 ## - MAIN ENTRY--CORPORATE NAME |
| 9 (RLIN) |
928 |
| Corporate name or jurisdiction name as entry element |
National Geographic Society |
| 245 00 - TITLE STATEMENT |
| Title |
Inside out : |
| Remainder of title |
the best of National Geographic diagrams and cutaways / |
| Statement of responsibility, etc. |
/ by: National Geographic Society |
| 260 ## - PUBLICATION, DISTRIBUTION, ETC. |
| Place of publication, distribution, etc. |
Washington, DC |
| Name of publisher, distributor, etc. |
National Geographic Society |
| Date of publication, distribution, etc. |
c1998. |
| 300 ## - PHYSICAL DESCRIPTION |
| Extent |
128 p. |
| Other physical details |
col. ill. |
| Dimensions |
31 cm. |
| 365 ## - TRADE PRICE |
| Price amount |
25 usd |
| 650 #0 - SUBJECT ADDED ENTRY--TOPICAL TERM |
| Topical term or geographic name entry element |
National geographic |
| General subdivision |
Publishing. |
| 650 #0 - SUBJECT ADDED ENTRY--TOPICAL TERM |
| Topical term or geographic name entry element |
Science |
| 9 (RLIN) |
681 |
| 650 #0 - SUBJECT ADDED ENTRY--TOPICAL TERM |
| Topical term or geographic name entry element |
Magazine design. |
| 650 #0 - SUBJECT ADDED ENTRY--TOPICAL TERM |
| Topical term or geographic name entry element |
Graphic design (Typography) |
| 653 ## - INDEX TERM--UNCONTROLLED |
| Uncontrolled term |
მეცნიერება |
| 710 2# - ADDED ENTRY--CORPORATE NAME |
| Corporate name or jurisdiction name as entry element |
National Geographic Society (U.S.). |
| Subordinate unit |
Book Division. |
| 856 42 - ELECTRONIC LOCATION AND ACCESS |
| Materials specified |
Publisher description |
| Uniform Resource Identifier |
<a href="http://www.loc.gov/catdir/description/simon032/98004636.html">http://www.loc.gov/catdir/description/simon032/98004636.html</a> |
| 906 ## - LOCAL DATA ELEMENT F, LDF (RLIN) |
| a |
7 |
| b |
cbc |
| c |
orignew |
| d |
1 |
| e |
ocip |
| f |
19 |
| g |
y-gencatlg |
| 942 ## - ADDED ENTRY ELEMENTS (KOHA) |
| Source of classification or shelving scheme |
|
| Koha item type |
Books |